Searching for a form of novel: E. Bulwer-Lytton's Pelham and A. Pushkin's drafts bulwer's pelham and Pushkin's drafts; Journal of Language and Literature; Vol. 6, iss. 2
| Parent link: | Journal of Language and Literature.— , 2010- Vol. 6, iss. 2.— 2015.— P. 236-241 |
|---|---|
| 第一著者: | |
| 団体著者: | |
| その他の著者: | , |
| 要約: | The article deals with the problem of A.S. Pushkin's (the Russian poet and writer) attempt at writing a novel based on E. Bulwer-Lytton's idea of a young man's image depicted in his novel Pelham, or the Adventure of a Gentleman. Pushkin's draft shows his creative process and search for a new hero as well as new genre for his writing. Orientation towards Bulwer-Lytton's novel could give Pushkin an opportunity to reflect all the strata of Russian society in a manner that let him deal with the moral and ethical issues of interest to him. All borrowings had passed through the Russian writer's creative process that made Bulwer-Lytton's influence rather distinctive and intermediary. Pushkin did not try to conceal the orientation towards Bulwer-Lytton. The want for it was realized by him and, hence, it was in the English novel presenting yesterday for the Russian literature where Pushkin saw tomorrow of the Russian novel. В фонде НТБ ТПУ отсутствует |
| 言語: | 英語 |
| 出版事項: |
2015
|
| 主題: | |
| フォーマット: | MixedMaterials 図書の章 |
| KOHA link: | https://koha.lib.tpu.ru/cgi-bin/koha/opac-detail.pl?biblionumber=602616 |
MARC
| LEADER | 00000naa0a2200000 4500 | ||
|---|---|---|---|
| 001 | 602616 | ||
| 005 | 20250910161655.0 | ||
| 035 | |a (RuTPU)RU\TPU\tpu\28548 | ||
| 090 | |a 602616 | ||
| 100 | |a 20160829d2015 k||y0rusy50 ba | ||
| 101 | 0 | |a eng | |
| 102 | |a AZ | ||
| 200 | 1 | |a Searching for a form of novel: E. Bulwer-Lytton's Pelham and A. Pushkin's drafts bulwer's pelham and Pushkin's drafts |f I. A. Ayzikova, I. A. Matveenko, A. N. Utkina | |
| 320 | |a References: 45 tit. | ||
| 330 | |a The article deals with the problem of A.S. Pushkin's (the Russian poet and writer) attempt at writing a novel based on E. Bulwer-Lytton's idea of a young man's image depicted in his novel Pelham, or the Adventure of a Gentleman. Pushkin's draft shows his creative process and search for a new hero as well as new genre for his writing. Orientation towards Bulwer-Lytton's novel could give Pushkin an opportunity to reflect all the strata of Russian society in a manner that let him deal with the moral and ethical issues of interest to him. All borrowings had passed through the Russian writer's creative process that made Bulwer-Lytton's influence rather distinctive and intermediary. Pushkin did not try to conceal the orientation towards Bulwer-Lytton. The want for it was realized by him and, hence, it was in the English novel presenting yesterday for the Russian literature where Pushkin saw tomorrow of the Russian novel. | ||
| 333 | |a В фонде НТБ ТПУ отсутствует | ||
| 461 | 1 | |t Journal of Language and Literature |d 2010- | |
| 463 | |t Vol. 6, iss. 2 |v P. 236-241 |d 2015 | ||
| 610 | 1 | |a труды учёных ТПУ | |
| 700 | 1 | |a Ayzikova |b I. A. |g Irina Aleksandrovna | |
| 701 | 1 | |a Matveenko |b I. A. |c linguist |c Professor of Tomsk Polytechnic University, Doctor of Philology |f 1967- |g Irina Alekseevna |3 (RuTPU)RU\TPU\pers\30938 |9 15176 | |
| 701 | 1 | |a Utkina |b A. N. |c linguist |c Associate Professor of Tomsk Polytechnic University, Candidate of philosophical sciences |f 1968- |g Anna Nikolaevna |3 (RuTPU)RU\TPU\pers\33177 |9 16977 | |
| 712 | 0 | 2 | |a Национальный исследовательский Томский политехнический университет (ТПУ) |b Институт природных ресурсов (ИПР) |b Кафедра иностранных языков (ИЯПР) |3 (RuTPU)RU\TPU\col\18662 |
| 801 | 1 | |a RU |b 63413507 |c 20160829 | |
| 801 | 2 | |a RU |b 63413507 |c 20161025 |g RCR | |
| 942 | |c BK | ||